Zaman jahiliah

Bibliographic Details
Main Author: Ahmad Iman Arief
Format: Book
Published: Kuala Lumpur : Sabunai Media , 2005
Series:Siri penyebaran islam
Subjects:

MARC

LEADER 00000cam a2200000 7i4500
001 0000007224
005 20151222.0
008 070829
020 |a 9832612411(set) 
020 |a 983261242X 
090 0 0 |a JF   |b MAL 
100 0 |a Ahmad Iman Arief 
245 1 0 |a Zaman jahiliah   |c Ahmad Iman Arief 
260 |a Kuala Lumpur :   |b Sabunai Media ,   |c 2005 
440 0 |a Siri penyebaran islam 
500 |a Children ages 10-12 years old (pink) 
650 0 |a Islam   |x History   |x Juvenile literature 
650 0 |a Junior fiction   |x Malay   |x Languages 
650 0 |a Religion 
999 |a 0000989678   |b Book   |c Children Collection   |e Cawangan Bandar Penawar 
999 |a 0000989679   |b Book   |c Children Collection   |e Cawangan Sri Merlong 
999 |a 0000989680   |b Book   |c Children Collection   |e Cawangan Taman Sri Lambak 
999 |a 0000989681   |b Book   |c Children Collection   |e Cawangan Batu Pahat 
999 |a 0000989682   |b Book   |c Children Collection   |e Cawangan Batu Pahat 
999 |a 0001144565   |b Book   |c Children Collection   |e Cawangan Tangkak 
999 |a 0001144566   |b Book   |c Children Collection   |e Cawangan Tangkak